Sports Quiz

Random Sports or NCAA Quiz
Score 0/20 Timer 07:00
0 Plays Today
Hint Answer % Correct
NicknameOrange
97.8%
Team Color (Official)Orange
96.4%
StateNew York
95.6%
CitySyracuse
92.7%
ConferenceACC
92.6%
Famous Alum: SF Carmelo ______Anthony
88.2%
Team Color (Primary)Blue
87.1%
Famous Alum: QB Donovan ______McNabb
82.4%
Basketball ArenaCarrier Dome
77.5%
No. of Women's Varsity Sports11
76.5%
Hint Answer % Correct
Famous Alum: RB _____ BrownJim
70.5%
No. of Men's Varsity Sports7
70.2%
Football StadiumCarrier Dome
61.5%
Sport w/ most NCAA ChampionshipsMen's Lacrosse (10)
56.6%
Famous Alum: PF ______ ColemanDerrick
55.6%
Primary RivalGeorgetown
49.9%
Primary RivalConnecticut
46.2%
MascotOtto the Orange
37.9%
Athletic DirectorJohn Wildhack
13.7%
Fight SongDown the Field
12.6%
Remove Ads.
Support Sporcle.
Get the best of Sporcle when you Go Orange. This ad-free experience offers more features, more stats, and more fun while also helping to support Sporcle. Thank you for becoming a member.

You're not logged in!

Compare scores with friends on all Sporcle quizzes.
OR
Log In

Show Comments

Extras

Top Quizzes Today


Score Distribution

Your Account Isn't Verified!

In order to create a playlist on Sporcle, you need to verify the email address you used during registration. Go to your Sporcle Settings to finish the process.

Report this User

Report this user for behavior that violates our Community Guidelines.

Details: